Statistics for All Cricketers to Play 100 Test Matches

Click here to take the quiz!

General Stats

  • This quiz has been taken 60 times
  • The average score is 48 of 75

Answer Stats

CountryYearAnswer% Correct
India2002Sachin Tendulkar
93%
Australia2002Shane Warne
93%
Australia2023Steven Smith
93%
South Africa2012Graeme Smith
89%
India2022Virat Kohli
89%
England2013Alastair Cook
87%
West Indies2003Brian Lara
87%
England2021Joe Root
87%
Australia2006Ricky Ponting
87%
England2015James Anderson
84%
Australia1998Steve Waugh
84%
Sri Lanka2011Kumar Sangakkara
82%
England2016Stuart Broad
82%
Australia2022David Warner
80%
Australia2004Glenn McGrath
80%
India1989Kapil Dev
80%
West Indies1988Viv Richards
80%
Australia2000Mark Waugh
78%
India1984Sunil Gavaskar
78%
Pakistan2015Younis Khan
78%
Sri Lanka2006Muttiah Muralitharan
76%
India2006Rahul Dravid
73%
New Zealand2020Ross Taylor
73%
West Indies2006Shivnarine Chanderpaul
73%
Pakistan2000Wasim Akram
73%
India2021Ishant Sharma
71%
Australia2008Matthew Hayden
71%
England1992Ian Botham
69%
Sri Lanka2009Mahela Jayawardene
69%
Australia1988Allan Border
67%
India2005Anil Kumble
67%
Australia1998Mark Taylor
67%
England1993Graham Gooch
65%
Pakistan2005Inzamam-ul-Haq
65%
South Africa2006Shaun Pollock
65%
New Zealand2010Daniel Vettori
64%
India2013Harbhajan Singh
64%
Australia2021Nathan Lyon
64%
South Africa2015AB de Villiers
62%
England2000Alec Stewart
60%
Sri Lanka2022Angelo Mathews
60%
West Indies2014Chris Gayle
60%
South Africa2017Hashim Amla
60%
South Africa2006Jacques Kallis
60%
India2007Sourav Ganguly
60%
Sri Lanka2007Chaminda Vaas
58%
West Indies1998Courtney Walsh
58%
England2014Ian Bell
58%
Australia2006Justin Langer
58%
Australia2013Michael Clarke
58%
India2012Virender Sehwag
58%
India2008VVS Laxman
58%
England2012Andrew Strauss
56%
West Indies1984Clive Lloyd
56%
India2023Cheteshwar Pujara
55%
England2013Kevin Pietersen
55%
Sri Lanka2005Sanath Jayasuriya
55%
New Zealand2016Brendon McCullum
53%
Pakistan1989Javed Miandad
51%
England2000Michael Atherton
51%
South Africa2007Mark Boucher
49%
Australia1995David Boon
47%
West Indies1991Desmond Haynes
47%
England1981Geoffrey Boycott
47%
England1988David Gower
45%
West Indies1990Gordon Greenidge
44%
New Zealand2006Stephen Fleming
44%
Australia1998Ian Healy
42%
South Africa2009Makhaya Ntini
42%
South Africa2004Gary Kirsten
40%
England1968Colin Cowdrey
38%
West Indies2002Carl Hooper
36%
Pakistan1998Saleem Malik
31%
India1988Dilip Vengsarkar
29%
England2005Graham Thorpe
27%

Score Distribution

Percentile by Number Answered

Percent of People with Each Score

Your Score History

You have not taken this quiz